000 00343nam a2200157Ia 4500
008 221030s9999 xx 000 0 und d
020 _a0070593612
041 _aEnglish
082 _a105.23
100 _aISRD
245 0 _aComputer Organisation
260 _bTMH
_aNew Delhi
_c2009
300 _a287
650 _aBE Computer
942 _cBK
999 _c6394
_d6394